[Event "BRA-ch U16"]
[Site "Itajai"]
[Date "2016.06.11"]
[Round "5"]
[White "Colaco, Willian Wagner Soar"]
[Black "Caratchuk, Renam Moreira"]
[Result "1/2-1/2"]
[WhiteElo "1624"]
[BlackElo "1383"]
[PlyCount "90"]
[EventDate "2016.06.09"]
[EventType "swiss"]
[EventRounds "6"]
[EventCountry "BRA"]
[SourceTitle "CBM 172 Extra"]
[Source "ChessBase"]
[SourceDate "2016.06.21"]
[SourceVersion "1"]
[SourceVersionDate "2016.06.21"]
[SourceQuality "1"]

1. d4 d5 2. Bf4 Bf5 3. Nf3 e6 4. e3 Nd7 5. Bd3 Bxd3 6. cxd3 g6 7. Nbd2 c5 8. dxc5 Nxc5 9. Nb3 Nxb3 10. Qxb3 Qa5+ 11. Ke2 Qa6 12. Rhc1 Bh6 13. Bxh6 Nxh6 14. Rc7 Rb8 15. Qb4 Nf5 16. Nd4 Qd6 17. Qb5+ Kf8 18. Rd7 Nxd4+ 19. exd4 Qc6 20. Qxc6 bxc6 21. b3 a6 22. Rc7 Rb6 23. Rc1 Kg7 24. R1xc6 Rxc6 25. Rxc6 Ra8 26. Kd2 a5 27. a3 Kf6 28. Rc7 h5 29. h3 g5 30. Ke3 Kg6 31. Rc6 Kf5 32. b4 axb4 33. axb4 Rb8 34. Rc7 f6 35. Re7 g4 36. hxg4+ hxg4 37. Rh7 Rxb4 38. Rh5+ Kg6 39. Rh1 f5 40. f3 gxf3 41. gxf3 Kf6 42. f4 Rb2 43. Rh6+ Ke7 44. Rh7+ Kf6 45. Rh6+ Ke7 1/2-1/2

[Event "BRA-ch U16"]
[Site "Itajai"]
[Date "2016.06.09"]
[Round "1"]
[White "Weise, William Ferreira"]
[Black "Caratchuk, Renam Moreira"]
[Result "1-0"]
[WhiteElo "1801"]
[BlackElo "1383"]
[PlyCount "119"]
[EventDate "2016.06.09"]
[EventType "swiss"]
[EventRounds "6"]
[EventCountry "BRA"]
[SourceTitle "CBM 172 Extra"]
[Source "ChessBase"]
[SourceDate "2016.06.21"]
[SourceVersion "1"]
[SourceVersionDate "2016.06.21"]
[SourceQuality "1"]

1. d4 d5 2. Nf3 c6 3. e3 Bf5 4. c4 e6 5. Nc3 Nd7 6. Bd2 Bb4 7. Qb3 Bxc3 8. bxc3 Qb6 9. c5 Qxb3 10. axb3 Ngf6 11. b4 0-0 12. Be2 Bg4 13. 0-0 Ne4 14. Ra2 b6 15. h3 Bxf3 16. gxf3 Nxd2 17. Rxd2 bxc5 18. bxc5 Rfb8 19. Ra1 Rb7 20. Rda2 f5 21. Ba6 Rc7 22. Rb2 Rb8 23. Rab1 Rxb2 24. Rxb2 Kf7 25. Kf1 g5 26. Ke1 Kf6 27. Kd1 e5 28. Kc2 e4 29. fxe4 fxe4 30. Be2 Kg6 31. c4 h5 32. cxd5 cxd5 33. Ba6 Kf6 34. Rb7 Rxb7 35. Bxb7 Ke6 36. Bc8 Ke7 37. Ba6 h4 38. Be2 Nf6 39. Kb3 g4 40. Bf1 g3 41. fxg3 hxg3 42. Kb4 Kd7 43. Kb5 Kc7 44. Ka6 Ne8 45. h4 Ng7 46. Kxa7 Kc6 47. Kb8 Nf5 48. h5 Nh6 49. Kc8 Nf7 50. Bh3 Kb5 51. Kc7 Ng5 52. h6 Nxh3 53. h7 g2 54. h8Q g1Q 55. Qxh3 Qc1 56. Kd6 Qc4 57. Qd7+ Kb4 58. c6 Kc3 59. c7 Qb4+ 60. Ke5 1-0

[Event "Curitiba Sul Regional-ch"]
[Site "Curitiba"]
[Date "2015.07.10"]
[Round "2"]
[White "Moraes, Maurino Anastacio"]
[Black "Caratchuk, Renam Moreira"]
[Result "1-0"]
[WhiteElo "1697"]
[BlackElo "1800"]
[PlyCount "41"]
[EventDate "2015.07.10"]
[EventType "swiss"]
[EventRounds "6"]
[EventCountry "BRA"]
[SourceTitle "EXT 2017"]
[Source "ChessBase"]
[SourceDate "2016.10.25"]
[SourceVersion "1"]
[SourceVersionDate "2016.10.25"]
[SourceQuality "1"]

1. b4 e5 2. Bb2 Bxb4 3. Bxe5 Nf6 4. Nf3 Nc6 5. Bb2 d5 6. e3 Bf5 7. c4 0-0 8. a3 Bc5 9. Qb3 Na5 10. Qb5 b6 11. cxd5 a6 12. Qa4 Bd7 13. Qh4 Be7 14. Bd3 h6 15. 0-0 Nxd5 16. Qe4 Nf6 17. Bxf6 Bf5 18. Qxf5 g6 19. Bxe7 Qxe7 20. Qf4 h5 21. Qh6 1-0